00000000nam##2200000za#4500
0019.695901
003CaOODSP
00520210624234805
007cr |||||||||||
008150407|2001||||xxc|||||o    f|0| 0 eng|d
040 |aCaOODSP|beng
043 |an-cn---
0861 |aSC94-77/2001E-PDF
1101 |aCanada.|bCanadian Centre for Management Development.
24512|aA foundation for developing risk management : |h[electronic resource]|blearning strategies in the public service / |cby Stephen Hill & Geoff Dinsdale.
2463 |aCCMD Roundtable on risk management
260 |aOttawa - Ontario : |bCanadian Centre for Management Development |c[2001].
300 |a49p.|bfigs., references, tables
500 |aThe catalogue number (SC94-77/2001) and ISBN (0-662-65523-0) for the bilingual print edition have been incorrectly copied in this electronic publication.
5203 |aDesigned for managers of risk throughout the public service, this report provides a foundation for developing learning strategies and a curriculum for public sector risk management. It provides an overview of risk management concepts, and attempts to set out the learning requirements for effective risk management in the public service by analyzing two dimensions of risk management: the process dimension and the people dimension. This report was published by the Canadian Centre for Management Development in 2001.
590 |a12-16-Supp|b2012-04-17
69007|aPublic service|2gcpds
69007|aRisk management|2gcpds
69007|aStrategies|2gcpds
7201 |aDinsdale, Geoff
7201 |aHill, Stephen
77508|tFondements en vue de l'élaboration de stratégies d'apprentissage : |w(CaOODSP)9.640021
7760#|tA foundation for developing risk management learning strategies in the public service / |w(CaOODSP)9.662553
7760#|tFondements en vue de l'élaboration de stratégies d'apprentissage en gestion du risque dans la fonction publique / |w(CaOODSP)9.662554
85640|ahttp://publications.gc.ca|qPDF|s855 KB|uhttps://publications.gc.ca/collections/Collection/SC94-77-2001E.pdf